00962pam a2200253 a 4500003002500000005001700025008004100042020001500083040002800098050002300126060002200149100002000171245012900191260004500320300003300365504005100398650001700449650004500466650003000511650004200541650005400583650004200637700002900679ALUPE UNIVERSITY COLLEGE20220209094852.0940307s1995 mdua b 001 0 eng c a0683080660 cALUPE UIVERSITY COLLEGE00aRD598.5b.S98 199510aWG 550 S998n 19941 aSzlavy, Laszlo.10aNoncoronary angioplasty and interventional radiologic treatment of vascular malformations /cLaszlo Szlavy, Juan M. Taveras. aBaltimore :bWilliams & Wilkins,cc1995. axi, 583 p. :bill. ;c29 cm. aIncludes bibliographical references and index. 0aAngioplasty. 0aBlood-vesselsxInterventional radiology. 2aAtherosclerosisxtherapy. 2aArterial Occlusive Diseasesxtherapy. 2aAngioplasty, Transluminal, Percutaneous Coronary. 2aRadiography, Interventionalxmethods.1 aTaveras, Juan M.,d1919-